00770pam a2200241 a 4500001000800000005001700008008004100025010001700066020002500083040001800108041000800126080001700134082002100151100000700172101000800179245005900187504005100246740004100297906004500338942001200383999001700395952011600412437693120180227091832.0910102s1991 njua b 001 0 eng  a 91000133  a0133651983 :c$32.25 aDLCcDLCdDLC aeng a635.9823 NEL00a635.9823 NEL2201 a54 aMEN10aGreenhouse operation and management /cPaul V. Nelson. aIncludes bibliographical references and index.0 aGreenhouse operation and management. a7bcbccorignewd1eocipf19gy-gencatlg 2ddccBK c43642d43642 00102udc40708PËKGa002b002cPËKGd2018-02-27l0o635.9823 NELp002-3000459r2018-02-27w2018-02-27yBK